Most streamed songs : Depeche Mode - Statistics

General Stats
  • This quiz has been taken 175 times
    35 since last reset
  • The average score is 6 of 10
Answer Stats
Streams Song % Correct
928 000 000 Enjoy the Silence
94%
432 500 000 Personal Jesus
91%
530 000 000 Just Can't Get Enough
73%
128 500 000 Never Let Me Down Again
67%
100 000 000 People Are People
61%
176 000 000 Precious
52%
123 500 000 Strangelove
52%
160 500 000 Policy of Truth
48%
72 500 000 Ghosts Again
33%
117 500 000 It's No Good
30%
No matching quizzes found
Score Distribution
Percent of People with Each Score
Percentile by Number Answered
Your Score History
You have not taken this quiz since the last reset